logo

Bir Sreshtho Munshi Abdur Rouf Library
Jhenaidah Cadet College

New roles and relevance : (Record no. 2014)

MARC details
000 -LEADER
fixed length control field 00882cam a2200277 a 4500
001 - CONTROL NUMBER
JCCL Control Number 2014
003 - CONTROL NUMBER IDENTIFIER
JCCL marc code BD-JhCC
005 - DATE AND TIME OF LATEST TRANSACTION
control field 20171028172834.0
008 - FIXED-LENGTH DATA ELEMENTS--GENERAL INFORMATION
fixed length control field 000720s2000 ctu b 001 0 eng
020 ## - INTERNATIONAL STANDARD BOOK NUMBER
International Standard Book Number 1565491211 (cloth : alk. paper)
020 ## - INTERNATIONAL STANDARD BOOK NUMBER
International Standard Book Number 1565491203 (pbk. : alk. paper)
035 ## - SYSTEM CONTROL NUMBER
system control number (BD-JhCC)2014
040 ## - CATALOGING SOURCE
Original cataloging agency DLC
Transcribing agency DLC
Modifying agency DLC
041 ## - LANGUAGE CODE
Language code of Book eng
050 00 - LIBRARY OF CONGRESS CALL NUMBER
Classification number HC60
Item number .N4744 2000
082 00 - DEWEY DECIMAL CLASSIFICATION NUMBER
Classification number 338.9
DDC Edition number 21
Author mark and Year NEW 2000
245 00 - TITLE STATEMENT
Title New roles and relevance :
Remainder of title development NGOs and the challenge of change /
Statement of responsibility, etc David Lewis, Tina Wallace, editors.
260 ## - PUBLICATION, DISTRIBUTION, ETC. (IMPRINT)
Place of publication, distribution, etc West Hartford, CT:
Name of publisher, distributor, etc Kumarian Press,
Date of publication, distribution, etc 2000.
300 ## - PHYSICAL DESCRIPTION
Pagination xvii, 252 p. ;
Dimensions 23 cm.
504 ## - BIBLIOGRAPHY, ETC. NOTE
Bibliography, etc Includes bibliographical references (p. [225]-240) and index.
650 #0 - SUBJECT ADDED ENTRY--TOPICAL TERM
Topical term or geographic name as entry element Non-governmental organizations.
700 1# - ADDED ENTRY--PERSONAL NAME
Personal name Lewis, David,
Dates associated with a name 1960-
700 1# - ADDED ENTRY--PERSONAL NAME
Personal name Wallace, Tina.
942 ## - ADDED ENTRY ELEMENTS (KOHA)
Source of classification or shelving scheme Dewey Decimal Classification
Koha item type Books
Holdings
Source of classification or shelving scheme Damaged status Not for loan Home library Current library Shelving location Date of accession Total Checkouts Full call number Barcode Date last seen Copy number Koha item type
Dewey Decimal Classification     JCC Rouf Library JCC Rouf Library General Stacks 10/28/2017   338.9 NEW 2000 3358 10/28/2017 C-1 Books

JCC Library | Contacts | JCC Home

Last Update on 23 September 2017
Copyright @ 2017-2020 JCC Rouf Library
Rouf Library, Jhenidah Cadet College (JCC), Bangladesh